V čele sú ochutnávky a letáky
Reklama v mieste predaja je súčasťou komunikačného mediamixu pre 88 percent respondentov. Pre 69 percent zadávateľov má táto reklama nezastupiteľné miesto a využívajú ju pravidelne.
Enregistré dans:
| Format: | Chapitre de livre |
|---|---|
| Langue: | slovaque |
| Sujets: | |
| Tags: |
Pas de tags, Soyez le premier à ajouter un tag!
|
MARC
| LEADER | 00000naa a2200000 4500 | ||
|---|---|---|---|
| 001 | 0136097 | ||
| 005 | 20231109070240.1 | ||
| 041 | 0 | |a slo | |
| 044 | |a SK | ||
| 245 | 1 | 0 | |a V čele sú ochutnávky a letáky |
| 520 | |a Reklama v mieste predaja je súčasťou komunikačného mediamixu pre 88 percent respondentov. Pre 69 percent zadávateľov má táto reklama nezastupiteľné miesto a využívajú ju pravidelne. | ||
| 610 | 2 | 0 | |a podpora predaja |
| 610 | 2 | 0 | |a reklama |
| 610 | 2 | 0 | |a prostriedky reklamné |